| 000 | 00712nam a22002297a 4500 | ||
|---|---|---|---|
| 005 | 20230512222048.0 | ||
| 008 | 180511t xxu||||| |||| 00| 0 eng d | ||
| 020 | _a0471470651 | ||
| 040 | _cCSPC | ||
| 082 | 0 |
_a647.94068 _bH797 |
|
| 100 |
_aRutherford, Denny G., _eauthor. |
||
| 245 | 0 | 0 |
_aHotel management and operations _cDenney G. Rutherford |
| 260 |
_aNew Jersey : _bJohn Wiley & Sons. _c2007. |
||
| 300 |
_a478 pages : _btables, charts ; _c26 cm. |
||
| 500 | _aIncludes Index. | ||
| 650 | 1 | 0 | _aHotel Management. |
| 700 | 1 |
_aO'Fallon, Michael J., _eauthor. |
|
| 940 | _aMar | ||
| 942 |
_cBOOK _jCIR 647.94068 H797 2007 |
||
| 999 |
_c4339 _d4339 |
||